[Event "Titled Tue 27th May Early"]
[Site "chess.com INT"]
[Date "2025.05.27"]
[Round "6"]
[White "So, Wesley"]
[Black "Onyshchuk, Volodymyr"]
[Result "1-0"]
[WhiteTitle "GM"]
[BlackTitle "GM"]
[WhiteElo "2751"]
[BlackElo "2602"]
[WhiteFideId "5202213"]
[BlackFideId "14114038"]
[EventDate "2025.05.27"]

1. b3 Nf6 2. Bb2 g6 3. c4 Bg7 4. g3 O-O 5. Bg2 d6 6. d4 e5 7. Nf3 e4 8. Nfd2 Re8
9. e3 Bf5 10. h3 h5 11. Nc3 c5 12. O-O Nc6 13. d5 Nb4 14. Rb1 Qd7 15. Kh2 a6 16.
Ba1 b5 17. Qe2 Nd3 18. a4 b4 19. Na2 Ne5 20. Rbd1 Re7 21. Nc1 Rae8 22. Rh1 g5
23. Kg1 g4 24. h4 Nf3+ 25. Kf1 Nh7 26. Bxg7 Kxg7 27. Nb1 Nf8 28. Qb2+ f6 29. Ne2
Ng6 30. Nf4 Nxf4 31. gxf4 Kf7 32. Bxf3 exf3 33. Rg1 Rxe3 34. fxe3 Rxe3 35. Re1
Rxe1+ 36. Kxe1 Qe7+ 37. Kf2 Qe4 38. Qd2 Qe7 39. Re1 Be4 40. Kg3 f5 41. Qb2 Qf6
42. Qxf6+ Kxf6 43. Nd2 1-0

[Event "Titled Tue 27th May Early"]
[Site "chess.com INT"]
[Date "2025.05.27"]
[Round "6"]
[White "Levitan, Judah Nathan"]
[Black "Danzer, George"]
[Result "0-1"]
[WhiteTitle "CM"]
[BlackTitle "CM"]
[WhiteElo "2127"]
[BlackElo "2172"]
[WhiteFideId "14332639"]
[BlackFideId "4659465"]
[EventDate "2025.05.27"]

1. e4 c5 2. Nf3 d6 3. d4 cxd4 4. Nxd4 Nf6 5. Nc3 a6 6. Be3 e5 7. Nb3 Be6 8. f3
Nbd7 9. Qd2 b5 10. g4 Nb6 11. g5 Nfd7 12. Nd5 Nxd5 13. exd5 Bf5 14. Na5 Nb6 15.
Nc6 Qc7 16. Qa5 Nxd5 17. Qxc7 Nxc7 18. a4 bxa4 19. Rxa4 Bd7 20. Rc4 d5 21. Rc3
d4 22. Nxd4 exd4 23. Rxc7 dxe3 24. Bc4 Bd6 25. Bxf7+ Ke7 26. Rb7 Rhb8 27. Rxb8
Rxb8 28. Bc4 Rxb2 29. Ke2 Rxc2+ 30. Kd3 Rxc4 31. Kxc4 Bb5+ 32. Kd4 e2 33. Kc3
Bxh2 34. g6 hxg6 35. Kd2 Bg3 36. f4 e1=Q+ 37. Rxe1+ Bxe1+ 38. Kxe1 Kf6 39. Kd2
Kf5 40. Ke3 Bc6 41. Kd4 Kxf4 42. Kc5 Bb5 43. Kb6 g5 44. Ka5 g4 45. Kb6 g3 46.
Ka5 g2 47. Kb6 g1=Q+ 48. Ka5 Qa1+ 49. Kb6 Qc3 50. Kb7 Qc6+ 51. Ka7 Qd7+ 52. Kb8
a5 53. Ka8 Ba6 54. Kb8 Qb7# 0-1

[Event "Titled Tue 27th May Early"]
[Site "chess.com INT"]
[Date "2025.05.27"]
[Round "6"]
[White "Durarbayli, Vasif"]
[Black "Eljanov, Pavel"]
[Result "0-1"]
[WhiteTitle "GM"]
[BlackTitle "GM"]
[WhiteElo "2612"]
[BlackElo "2668"]
[WhiteFideId "13402935"]
[BlackFideId "14102951"]
[EventDate "2025.05.27"]

1. e4 e5 2. Nf3 Nc6 3. d4 exd4 4. Nxd4 Nf6 5. Nxc6 bxc6 6. e5 Qe7 7. Qe2 Nd5 8.
h4 a5 9. c4 Nb6 10. h5 h6 11. g3 a4 12. Rh4 d5 13. exd6 Qxe2+ 14. Bxe2 cxd6 15.
Be3 Nd7 16. Nc3 Be7 17. Rd4 a3 18. b4 O-O 19. Rc1 c5 20. Re4 Bf6 21. b5 Bb7 22.
Nd5 Bxd5 23. cxd5 Nb6 24. Bf4 Rfd8 25. Rd1 Na4 26. Re3 Nc3 27. Rd2 Rab8 28. Bc4
Nxb5 29. Bxb5 Rxb5 30. Rxa3 c4 31. Ra6 Bc3 32. Rc6 Rxd5 33. Rxc4 Bxd2+ 34. Bxd2
Rxh5 35. a4 Rc5 36. Rd4 d5 37. a5 Ra8 38. Ra4 Ra6 39. Ke2 Rc4 40. Ra3 g5 41. Rb3
Rc5 42. Ra3 Kg7 43. Kd3 Kg6 44. Kd4 Rb5 45. Re3 Raxa5 0-1

[Event "Titled Tue 27th May Early"]
[Site "chess.com INT"]
[Date "2025.05.27"]
[Round "6"]
[White "Yglesias Herrera, Michel"]
[Black "Kochiev, Ivan"]
[Result "0-1"]
[WhiteTitle "CM"]
[BlackTitle "CM"]
[WhiteElo "2100"]
[BlackElo "2138"]
[WhiteFideId "3510840"]
[BlackFideId "2917890"]
[EventDate "2025.05.27"]

1. d4 Nf6 2. c4 e6 3. Nc3 c5 4. e3 d5 5. Nf3 cxd4 6. exd4 Nc6 7. Be2 dxc4 8. O-O
Be7 9. Bg5 O-O 10. Bxc4 b6 11. Rc1 Bb7 12. Re1 Rc8 13. Bb3 Na5 14. Bc2 h6 15.
Be3 Bxf3 16. Qxf3 Nc4 17. Rb1 Nxb2 18. Rxb2 Rxc3 19. Bb3 Qd7 20. Qe2 Nd5 21. Bd2
Rc7 22. Bc4 Bf6 23. Bb5 Qd6 24. Be3 Nc3 25. Qd2 Nxb5 26. Rxb5 Rd8 27. Bf4 e5 28.
Rbxe5 Bxe5 29. Bxe5 Qc6 30. Qf4 Re7 31. h3 f6 32. Rc1 fxe5 33. dxe5 Qe6 34. Qb4
Qxe5 35. Rc3 Kh8 36. Re3 Qa1+ 37. Kh2 Rxe3 38. fxe3 Qf6 39. Qg4 Qe5+ 40. Kg1
Qxe3+ 41. Kf1 Rf8+ 42. Qf3 Rxf3+ 43. gxf3 Qxf3+ 44. Kg1 Qxh3 45. Kf2 Qa3 46. Kg1
Qxa2 47. Kf1 Qd2 48. Kg1 Qe2 49. Kh1 b5 50. Kg1 b4 51. Kh1 b3 52. Kg1 b2 53. Kh1
b1=Q# 0-1

[Event "Titled Tue 27th May Early"]
[Site "chess.com INT"]
[Date "2025.05.27"]
[Round "6"]
[White "Bratovic, Blaz"]
[Black "Logachiov, Aleksandr"]
[Result "1-0"]
[WhiteTitle "IM"]
[BlackTitle "CM"]
[WhiteElo "2319"]
[BlackElo "2129"]
[WhiteFideId "14603551"]
[BlackFideId "24123706"]
[EventDate "2025.05.27"]

1. e4 c5 2. Nf3 d6 3. d4 cxd4 4. Nxd4 Nf6 5. Nc3 a6 6. Bg5 e6 7. f4 h6 8. Bh4
Qb6 9. Bxf6 gxf6 10. Qd2 Nc6 11. Nb3 Be7 12. O-O-O Bd7 13. Be2 O-O-O 14. Bh5
Rhf8 15. Rhf1 Kb8 16. Kb1 Rc8 17. Rf3 Na5 18. f5 Nc4 19. Qxh6 d5 20. exd5 e5 21.
Rh3 Bb4 22. d6 Bxc3 23. Rxc3 Na3+ 24. Kc1 Rxc3 25. bxc3 Rc8 26. Qd2 Bxf5 27. d7
Rd8 28. Qd6+ Qxd6 29. Rxd6 Rxd7 30. Rxf6 Bxc2 31. Rxf7 Rd3 32. Rf3 e4 33. Rxd3
exd3 34. Bd1 Bxd1 35. Kxd1 Nc4 36. h4 Ne3+ 37. Kd2 Nxg2 38. h5 Nf4 39. h6 Kc7
40. h7 Ng6 41. Kxd3 Kd6 42. Ke4 Ke6 43. Nc5+ Kf6 44. Nxb7 Kg7 45. Nc5 a5 46. a4
Kxh7 47. Nb7 Ne7 48. Nxa5 Kg6 49. Nc4 Kf6 50. a5 Ke6 51. a6 Nc6 52. Na5 Na7 53.
Kd4 Kd6 54. c4 Kc7 55. Kc5 Nc8 56. Nc6 Nb6 57. Kb5 Nc8 58. c5 Kd7 59. a7 Kc7 60.
a8=Q 1-0

[Event "Titled Tue 27th May Early"]
[Site "chess.com INT"]
[Date "2025.05.27"]
[Round "6"]
[White "Aarav Sinha"]
[Black "Horobetz, Graham"]
[Result "0-1"]
[WhiteTitle "FM"]
[WhiteElo "2255"]
[BlackElo "2250"]
[WhiteFideId "25674064"]
[BlackFideId "2047322"]
[EventDate "2025.05.27"]

1. e4 c5 2. Nf3 e6 3. g3 Nc6 4. Bg2 d6 5. O-O g6 6. d4 cxd4 7. Nxd4 a6 8. Nc3
Bg7 9. Be3 Nge7 10. Qd2 d5 11. exd5 exd5 12. Nde2 d4 13. Bh6 Bxh6 14. Qxh6 Nf5
15. Qd2 dxc3 16. Qxc3 O-O 17. Bxc6 bxc6 18. Qxc6 Rb8 19. Qc3 Bb7 20. Nf4 Qg5 21.
f3 Rfc8 22. Qd2 Rd8 23. Qf2 Nd4 24. Qg2 Qc5 25. Kh1 Qxc2 26. Rf2 Qc6 27. Raf1
Nf5 28. Re1 Re8 29. Rxe8+ Rxe8 30. h4 Re3 31. Rc2 Qxf3 32. Qxf3 Rxf3 33. Rc7
Rxf4+ 34. Rxb7 Nxg3+ 35. Kh2 Nf5 36. Rb6 a5 37. Rb5 Rb4 38. Rxa5 Rxb2+ 39. Kh3
h5 40. a4 Rb4 41. Ra8+ Kg7 42. a5 Rxh4+ 43. Kg2 Ra4 44. a6 Ne7 45. Kh2 Nc6 46.
Kg2 Nb4 0-1

[Event "Titled Tue 27th May Early"]
[Site "chess.com INT"]
[Date "2025.05.27"]
[Round "6"]
[White "Gong, Qianyun"]
[Black "Andriienko, Artom"]
[Result "0-1"]
[WhiteTitle "WGM"]
[WhiteElo "2265"]
[BlackElo "2153"]
[WhiteFideId "8602425"]
[BlackFideId "34129510"]
[EventDate "2025.05.27"]

1. d4 Nf6 2. c4 e6 3. Nf3 Bb4+ 4. Nbd2 O-O 5. a3 Be7 6. e4 c5 7. e5 Ne8 8. Bd3
cxd4 9. h4 f5 10. g4 Nc6 11. gxf5 exf5 12. Qb3 Kh8 13. Qc2 d6 14. exd6 Nxd6 15.
b4 Ne4 16. Bb2 Re8 17. Nb3 Bxb4+ 18. Kf1 Bc3 19. Rd1 Bxb2 20. Qxb2 Qf6 21. Nbxd4
Be6 22. Qa1 Rad8 23. Nxe6 Rxd3 24. Qxf6 Rxd1+ 25. Kg2 Nxf6 26. Rxd1 Rxe6 27. Ng5
Re8 28. Rb1 b6 29. Rd1 h6 30. Nf3 Rd8 31. Re1 Kg8 32. Re6 Nd4 33. Re7 Nxf3 34.
Kxf3 Rd3+ 35. Ke2 Rxa3 36. Re5 g6 37. Re6 Kf7 0-1

[Event "Titled Tue 27th May Early"]
[Site "chess.com INT"]
[Date "2025.05.27"]
[Round "6"]
[White "Torres Rebolledo, Alvaro"]
[Black "Sagalchik, Gennadij"]
[Result "0-1"]
[WhiteTitle "FM"]
[BlackTitle "GM"]
[WhiteElo "2336"]
[BlackElo "2434"]
[WhiteFideId "54587670"]
[BlackFideId "2007916"]
[EventDate "2025.05.27"]

1. Nf3 d5 2. e3 Nc6 3. c4 d4 4. b4 Nxb4 5. exd4 e5 6. a3 Nc6 7. d5 Nd4 8. Nxd4
exd4 9. Bd3 Bc5 10. O-O Qh4 11. Re1+ Ne7 12. a4 Bd6 13. g3 Qh3 14. Ba3 Bg4 15.
f3 Bd7 16. Bxd6 cxd6 17. Qe2 O-O-O 18. c5 Nxd5 19. Be4 Rhe8 20. cxd6 f5 21. Qc4+
Bc6 22. Qf1 Qxf1+ 23. Kxf1 fxe4 24. fxe4 Nb4 25. e5 Nd3 26. Na3 Nxe5 27. Rac1
Rxd6 28. Nb5 Rf6+ 29. Kg1 Kb8 30. Rf1 Nf3+ 31. Kg2 Nxd2+ 32. Kh3 Nxf1 33. Rxf1
Rxf1 34. Nd6 Re6 35. Ne4 Bxe4 36. Kg4 Bf5+ 37. Kh4 d3 38. Kh5 d2 39. g4 d1=Q 40.
h3 Rh1 41. Kh4 Qxg4# 0-1

[Event "Titled Tue 27th May Early"]
[Site "chess.com INT"]
[Date "2025.05.27"]
[Round "6"]
[White "Fernandes, Rogerio Paulo Muller"]
[Black "Golubovic, Erik"]
[Result "0-1"]
[BlackTitle "CM"]
[WhiteElo "2241"]
[BlackElo "2184"]
[WhiteFideId "2101599"]
[BlackFideId "14586908"]
[EventDate "2025.05.27"]

1. c4 Nf6 2. g3 e6 3. Bg2 d5 4. Nf3 c5 5. O-O Nc6 6. b3 d4 7. e3 Bd6 8. exd4
cxd4 9. Re1 O-O 10. d3 e5 11. Bg5 h6 12. Bxf6 Qxf6 13. Nbd2 Qd8 14. a3 a5 15. c5
Bc7 16. Rb1 Bf5 17. Ne4 Bg6 18. g4 Ne7 19. b4 axb4 20. axb4 Nd5 21. Qb3 Nf4 22.
Bf1 Kh8 23. Ng3 f6 24. Nh4 Bf7 25. Qc2 Qd5 26. Bg2 Nxg2 27. Nxg2 Ra2 28. Rb2
Rfa8 29. Reb1 Qf3 30. Qe2 Rxb2 31. Rxb2 Ra1+ 32. Nf1 Qxe2 33. Rxe2 Bg6 34. Rd2
e4 35. dxe4 Bxe4 36. h3 Bc6 0-1

[Event "Titled Tue 27th May Early"]
[Site "chess.com INT"]
[Date "2025.05.27"]
[Round "6"]
[White "Yanev, Tihomir"]
[Black "Jakubowski, Krzysztof"]
[Result "0-1"]
[WhiteTitle "IM"]
[BlackTitle "GM"]
[WhiteElo "2354"]
[BlackElo "2448"]
[WhiteFideId "2910110"]
[BlackFideId "1112848"]
[EventDate "2025.05.27"]

1. e4 c5 2. Nc3 e6 3. g3 a6 4. Bg2 b5 5. d3 Bb7 6. f4 Nc6 7. Nf3 Nf6 8. O-O Be7
9. h3 O-O 10. g4 d5 11. e5 Nd7 12. Ne2 d4 13. Ng3 Nb4 14. f5 Bh4 15. Bf4 Nd5 16.
Nxh4 Qxh4 17. Bxd5 Bxd5 18. Kh2 g5 19. fxg6 fxg6 20. Qd2 Qe7 21. Rae1 Nb6 22.
Bg5 Qc7 23. Bf6 Rf7 24. Qh6 Raf8 25. h4 Nd7 26. g5 c4 27. h5 cxd3 28. hxg6 Qxc2+
29. Ne2 dxe2 30. gxf7+ Rxf7 31. Rg1 Nf8 32. g6 Nxg6 33. Rxg6+ Qxg6 34. Qxg6+
hxg6 35. Rxe2 d3 36. Rd2 Be4 37. Kg3 Rc7 38. Rh2 Rc1 39. Rh8+ Kf7 40. Rh7+ Ke8
41. Re7+ Kf8 42. Rd7 Bd5 43. Bg5 Rg1+ 44. Kf4 Rxg5 45. Kxg5 d2 46. Kf6 Ke8 47.
Re7+ Kd8 0-1

[Event "Titled Tue 27th May Early"]
[Site "chess.com INT"]
[Date "2025.05.27"]
[Round "6"]
[White "Nikologorskiy, Konstantin"]
[Black "Lyutsinger, Iren"]
[Result "0-1"]
[WhiteTitle "IM"]
[BlackTitle "FM"]
[WhiteElo "2413"]
[BlackElo "2266"]
[WhiteFideId "24111708"]
[BlackFideId "34425969"]
[EventDate "2025.05.27"]

1. e4 c5 2. Nf3 d6 3. d4 cxd4 4. Nxd4 Nf6 5. Nc3 a6 6. Be3 e5 7. Nf3 Be7 8. Nd2
O-O 9. Nc4 Nc6 10. Nb6 Rb8 11. Be2 Be6 12. O-O Nd7 13. Ncd5 Bg5 14. Bxg5 Qxg5
15. Nc4 Rbd8 16. Nce3 Nc5 17. f3 b5 18. c3 Ne7 19. Nxe7+ Qxe7 20. Nd5 Bxd5 21.
Qxd5 Ne6 22. g3 h5 23. h4 g5 24. hxg5 Qxg5 25. Kf2 Kg7 26. Rh1 Rh8 27. Rag1 Kf6
28. a4 bxa4 29. Ra1 Rb8 30. Ra2 h4 31. g4 h3 32. Bxa6 Rb6 33. Bc4 Rhb8 34. b4
axb3 35. Rb2 Qh4+ 36. Ke3 Qg3 37. Qd2 Nf4 38. Qf2 Qxf2+ 39. Kxf2 Rc8 40. Rxb3
Rxb3 41. Bxb3 Rxc3 42. Bd1 Kg5 43. Kg3 Rc1 44. Kf2 Ra1 45. Ke3 Ra3+ 46. Kf2 Ra2+
47. Ke3 Kh4 48. Rf1 Kg3 49. g5 h2 0-1

[Event "Titled Tue 27th May Early"]
[Site "chess.com INT"]
[Date "2025.05.27"]
[Round "6"]
[White "Kawka, Milena"]
[Black "Sadey, Rinoa Mariel"]
[Result "1-0"]
[WhiteTitle "WCM"]
[WhiteElo "2004"]
[BlackElo "1760"]
[WhiteFideId "21095167"]
[BlackFideId "5255945"]
[EventDate "2025.05.27"]

1. e4 c5 2. Nf3 Nc6 3. Bb5 g6 4. O-O Bg7 5. c3 Nf6 6. Re1 O-O 7. d4 cxd4 8. cxd4
a6 9. Bf1 Ne8 10. d5 Ne5 11. Nxe5 Bxe5 12. Nc3 d6 13. Be3 Bg7 14. Rc1 e6 15. a4
b6 16. Qb3 Rb8 17. Red1 exd5 18. Nxd5 b5 19. Bb6 Qd7 20. axb5 axb5 21. Bxb5 Qe6
22. Bc4 Qxe4 23. Re1 Qh4 24. Ne7+ Kh8 25. Nc6 Rb7 26. Ba6 Rxb6 27. Qxb6 Bxa6 28.
Qxa6 Nf6 29. Qe2 Ng4 30. h3 Ne5 31. Nxe5 Bxe5 32. Rc4 Qf6 33. b4 Bd4 34. Qf3 Qg7
35. Rd1 Be5 36. b5 Rb8 37. b6 1-0

[Event "Titled Tue 27th May Early"]
[Site "chess.com INT"]
[Date "2025.05.27"]
[Round "6"]
[White "Rushbrooke, Remy"]
[Black "Nouali, Mohamed"]
[Result "1-0"]
[BlackTitle "FM"]
[WhiteElo "2090"]
[BlackElo "2157"]
[WhiteFideId "443590"]
[BlackFideId "5502462"]
[EventDate "2025.05.27"]

1. Nf3 Nf6 2. g3 g6 3. Bg2 Bg7 4. d4 O-O 5. c4 d6 6. Nc3 Nc6 7. O-O e5 8. dxe5
dxe5 9. Qxd8 Rxd8 10. Bg5 Be6 11. Nd2 h6 12. Bxf6 Rxd2 13. Bxg7 Kxg7 14. b3 Nd4
15. e3 Ne2+ 16. Nxe2 Rxe2 17. Bxb7 Rd8 18. Bf3 Rb2 19. Rfb1 Rdd2 20. Rxb2 Rxb2
21. Bd5 Bf5 22. Kg2 h5 23. h3 Bb1 24. Kf3 a5 25. g4 f5 26. gxf5 gxf5 27. e4 f4
28. c5 Kf6 29. a3 Bc2 30. b4 axb4 31. axb4 Rxb4 32. Ra6+ Kg5 33. Re6 Bd1+ 34.
Kg2 f3+ 35. Kh2 Rb2 36. Rxe5+ Kh4 37. Kg1 Be2 38. Bf7 Rb1+ 39. Kh2 1-0

[Event "Titled Tue 27th May Early"]
[Site "chess.com INT"]
[Date "2025.05.27"]
[Round "6"]
[White "Barria Zuniga, Daniel"]
[Black "Slovineanu, Viacheslav"]
[Result "1-0"]
[WhiteTitle "IM"]
[BlackTitle "IM"]
[WhiteElo "2341"]
[BlackElo "2412"]
[WhiteFideId "3400816"]
[BlackFideId "13900510"]
[EventDate "2025.05.27"]

1. d4 Nf6 2. c4 e6 3. Nf3 d5 4. Nc3 c5 5. Bg5 cxd4 6. Qxd4 Nc6 7. Bxf6 gxf6 8.
Qh4 d4 9. O-O-O e5 10. e3 Rg8 11. h3 Be6 12. exd4 exd4 13. Nxd4 Nxd4 14. Rxd4
Qa5 15. Qxh7 Qg5+ 16. f4 Qc5 17. Qe4 f5 18. Qe3 Rg3 19. Qxg3 Qxd4 20. Be2 Rc8
21. Rd1 Qb6 22. Nd5 Bxd5 23. Rxd5 Qg1+ 24. Rd1 Qc5 25. Qd3 Be7 26. Kb1 Kf8 27.
Qd5 Qxd5 28. Rxd5 Bc5 29. Rxf5 b6 30. Bf3 Re8 31. Bd5 Re7 32. a3 a5 33. g4 Kg7
34. h4 f6 35. g5 fxg5 36. fxg5 Bd4 37. h5 Re2 38. Rf7+ Kh8 39. h6 Rxb2+ 40. Kc1 1-0

[Event "Titled Tue 27th May Early"]
[Site "chess.com INT"]
[Date "2025.05.27"]
[Round "6"]
[White "Atis, Hasan"]
[Black "Cernov, Henrik"]
[Result "0-1"]
[WhiteTitle "CM"]
[BlackTitle "FM"]
[WhiteElo "2089"]
[BlackElo "2325"]
[WhiteFideId "44598017"]
[BlackFideId "16258312"]
[EventDate "2025.05.27"]

1. e4 c5 2. Nf3 e6 3. d4 cxd4 4. Nxd4 Nf6 5. Nc3 Nc6 6. Ndb5 Bc5 7. Bf4 O-O 8.
Bc7 Qe7 9. Bd6 Bxd6 10. Qxd6 Qd8 11. Nc7 Rb8 12. O-O-O a6 13. Be2 b5 14. e5 Ng4
15. Bxg4 Qg5+ 16. Kb1 Qxg4 17. h3 Qf4 18. Rhe1 b4 19. Na4 Qxf2 20. Nc5 b3 21.
axb3 Nb4 22. c3 Qf5+ 23. Re4 Nd5 24. g4 Qg6 25. N7xe6 fxe6 26. Qxb8 a5 27. c4
Nb4 28. Qc7 Na6 29. Nxa6 Qxe4+ 30. Ka2 Bxa6 31. Rxd7 Qg6 32. Qxa5 Bc8 33. Rd8
Qf7 34. Rxf8+ Qxf8 35. Qc7 Qe8 36. Kb1 Bd7 37. b4 Bc6 38. b5 Be4+ 39. Ka2 Bc2
40. Ka3 Qf8+ 41. c5 Qa8+ 42. Kb4 Qa4+ 43. Kc3 Qb3+ 44. Kd4 Qd3# 0-1

[Event "Titled Tue 27th May Early"]
[Site "chess.com INT"]
[Date "2025.05.27"]
[Round "6"]
[White "Rubes, Jan"]
[Black "Dishman, Stephen"]
[Result "1-0"]
[WhiteTitle "IM"]
[BlackTitle "FM"]
[WhiteElo "2426"]
[BlackElo "2284"]
[WhiteFideId "338176"]
[BlackFideId "403024"]
[EventDate "2025.05.27"]

1. d4 d5 2. c4 e6 3. Nf3 a6 4. e3 Nf6 5. Nbd2 c5 6. dxc5 Bxc5 7. a3 O-O 8. b4
Be7 9. Bb2 Nc6 10. Be2 b6 11. O-O Bb7 12. Rc1 Rc8 13. Qb3 dxc4 14. Nxc4 b5 15.
Nce5 Nxe5 16. Bxe5 Qd5 17. Qb2 Rfd8 18. h3 Qe4 19. Bd4 Qg6 20. Rxc8 Rxc8 21. Rc1
Rxc1+ 22. Qxc1 Bd6 23. Ne1 Nd5 24. Bf3 h5 25. Bc5 Bb8 26. Bd4 Kh7 27. Qd1 h4 28.
Bh5 Qg5 29. Qd3+ f5 30. Bf3 Qd8 31. Qc2 Qd6 32. Nd3 Qh2+ 33. Kf1 Qh1+ 34. Ke2
Qh2 35. Nc5 Bc8 36. Nb3 Qd6 37. Qxc8 f4 38. Be4+ g6 39. Qb7+ Kh6 40. Qg7+ Kg5
41. Qxg6# 1-0

[Event "Titled Tue 27th May Early"]
[Site "chess.com INT"]
[Date "2025.05.27"]
[Round "6"]
[White "Gales, Randi-Ioan"]
[Black "Nayak, Rajesh"]
[Result "1-0"]
[WhiteTitle "CM"]
[BlackTitle "FM"]
[WhiteElo "2290"]
[BlackElo "2286"]
[WhiteFideId "1285360"]
[BlackFideId "35017152"]
[EventDate "2025.05.27"]

1. d4 d5 2. c4 e6 3. Nc3 Nf6 4. cxd5 exd5 5. Bg5 Be7 6. e3 O-O 7. Bd3 c6 8. Nge2
Nbd7 9. O-O Re8 10. f3 c5 11. Bc2 cxd4 12. Nxd4 Ne5 13. b3 Qa5 14. Nce2 Bd7 15.
Bf4 Ng6 16. Bg3 Bc5 17. Bf2 Rac8 18. a3 Qd8 19. b4 Bb6 20. Qd3 Ne5 21. Qb3 Nc4
22. Nf4 Nd2 23. Qd3 Nxf1 24. Rxf1 Be6 25. Bh4 Bxd4 26. exd4 Qc7 27. Ba4 Qxf4 28.
Bg3 Qf5 29. Qd2 Bd7 30. Bb3 Re7 31. Bd6 Ree8 32. Be5 h6 33. g4 Qg6 34. Ba2 h5
35. Bb1 Qh6 36. g5 Qh8 37. gxf6 gxf6 38. Bd6 Bh3 39. Rd1 Qg7+ 40. Kh1 Qg5 41.
Rg1 Bg4 42. Qxg5+ fxg5 43. fxg4 h4 44. Be5 Re6 45. Bf5 1-0

[Event "Titled Tue 27th May Early"]
[Site "chess.com INT"]
[Date "2025.05.27"]
[Round "6"]
[White "Karttunen, Mika"]
[Black "Shevkunov, Vladyslav"]
[Result "1-0"]
[WhiteTitle "IM"]
[WhiteElo "2490"]
[BlackElo "2073"]
[WhiteFideId "502081"]
[BlackFideId "30953448"]
[EventDate "2025.05.27"]

1. e4 c5 2. Nf3 e6 3. d3 Nc6 4. g3 Be7 5. Bg2 d6 6. O-O Nf6 7. Nc3 O-O 8. a4 Rb8
9. h3 b6 10. Be3 d5 11. Bf4 dxe4 12. dxe4 Ba6 13. Re1 Rb7 14. e5 Nd5 15. Nxd5
exd5 16. h4 Re8 17. e6 fxe6 18. Rxe6 Bf6 19. Rxc6 Rbe7 20. Rd6 Qc8 21. Qxd5+ Kh8
22. c3 Bb7 23. Qd1 Qg4 24. Nh2 Qc8 25. Bxb7 Qxb7 26. Qf3 Qa6 27. Kg2 h6 28. Bxh6
Rf7 29. Bf4 Ref8 30. Qh5+ Kg8 31. Nf3 Qb7 32. Qd5 Qc8 33. Re1 Qg4 34. Qe6 Qg6
35. Rh1 Qh5 36. Rd5 Qh7 37. h5 Kh8 38. h6 Re7 39. Qg4 g5 40. Bxg5 Bxg5 41. Nxg5
Qc2 42. Nf3 Rg7 43. hxg7+ 1-0

[Event "Titled Tue 27th May Early"]
[Site "chess.com INT"]
[Date "2025.05.27"]
[Round "6"]
[White "Bendayan Claros, Aaron"]
[Black "Lisenkov, Svyatoslav"]
[Result "1-0"]
[WhiteTitle "CM"]
[BlackTitle "CM"]
[WhiteElo "2224"]
[BlackElo "2241"]
[WhiteFideId "3803392"]
[BlackFideId "34264183"]
[EventDate "2025.05.27"]

1. d4 Nf6 2. Nf3 g6 3. Nbd2 Bg7 4. e4 d6 5. h3 O-O 6. Bd3 Nbd7 7. O-O e5 8. c3
a5 9. a4 b6 10. Re1 Bb7 11. Nf1 Re8 12. Ng3 h6 13. Bd2 Kh7 14. Qb3 d5 15. dxe5
Nxe5 16. Nxe5 Rxe5 17. f4 Re8 18. e5 Ne4 19. Bxe4 dxe4 20. Be3 Qe7 21. Rad1 Rad8
22. Rd4 f5 23. Red1 Rxd4 24. cxd4 Qb4 25. Qc2 Bd5 26. Qxc7 Qxa4 27. Rd2 Qa1+ 28.
Kh2 Qe1 29. Re2 Qb4 30. Qd7 Bc4 31. Qxe8 Bxe2 32. Nxe2 Qxb2 33. Ng3 a4 34. h4 a3
35. h5 gxh5 36. Nxh5 Qe2 37. Qf7 Qg4 38. Nf6+ 1-0

[Event "Titled Tue 27th May Early"]
[Site "chess.com INT"]
[Date "2025.05.27"]
[Round "6"]
[White "Pavlov, Nikolay"]
[Black "Hnatyshyn, Anastasiia"]
[Result "1-0"]
[WhiteTitle "FM"]
[BlackTitle "WFM"]
[WhiteElo "2316"]
[BlackElo "2159"]
[WhiteFideId "24141470"]
[BlackFideId "14198339"]
[EventDate "2025.05.27"]

1. e4 e6 2. d4 d5 3. e5 c5 4. c3 Nc6 5. Nf3 Qb6 6. Bd3 cxd4 7. O-O Bd7 8. Re1
Nge7 9. h4 Nf5 10. g4 Nh6 11. Ng5 O-O-O 12. Nd2 dxc3 13. bxc3 Bc5 14. Nh3 f6 15.
Nb3 Nxe5 16. Nxc5 Qxc5 17. Be3 Qc7 18. Be2 Bc6 19. Qd4 b6 20. a4 Nd7 21. a5 e5
22. Qb4 f5 23. axb6 axb6 24. Ng5 Rde8 25. Ra6 d4 26. Bd2 Bb7 27. Ra7 Nc5 28.
cxd4 exd4 29. Bf3 Bxf3 30. Rxc7+ Kxc7 31. Qxd4 fxg4 32. Qxg7+ Kc6 33. Qxh6+ Kb7
34. Qg7+ Kb8 35. Rb1 1-0

[Event "Titled Tue 27th May Early"]
[Site "chess.com INT"]
[Date "2025.05.27"]
[Round "6"]
[White "Noy, Eyal"]
[Black "Tiitta, Sauli"]
[Result "1-0"]
[WhiteTitle "FM"]
[WhiteElo "2346"]
[BlackElo "2157"]
[WhiteFideId "2821117"]
[BlackFideId "502251"]
[EventDate "2025.05.27"]

1. e4 g5 2. d4 h6 3. h4 g4 4. Qxg4 d5 5. Qe2 dxe4 6. Qxe4 Nf6 7. Qd3 Nc6 8. Nf3
Bg4 9. Ne5 Qxd4 10. Nxc6 Qxd3 11. Bxd3 bxc6 12. Nd2 h5 13. Nc4 Bh6 14. Ne5 Bd7
15. Bg5 Nd5 16. Nxd7 Kxd7 17. O-O-O Ke8 18. Be2 Bxg5+ 19. hxg5 h4 20. g3 h3 21.
Rh2 e6 22. Rdh1 Rb8 23. Rxh3 Rg8 24. f4 e5 25. fxe5 Ke7 26. Rh5 Rb4 27. c4 Ne3
28. b3 Nf5 29. Rg1 Nd4 30. Bd1 Rbb8 31. Re1 Rg7 32. Kb2 Rbg8 33. Kc3 c5 34. b4
Rxg5 35. Rxg5 Rxg5 36. bxc5 Ne6 37. Re3 Nxc5 38. Bc2 Ke6 39. Kb4 Nd7 40. Bb3
Nxe5 41. c5+ 1-0

[Event "Titled Tue 27th May Early"]
[Site "chess.com INT"]
[Date "2025.05.27"]
[Round "6"]
[White "Fellowes, Billy"]
[Black "Papaioannou, Dimitrios"]
[Result "0-1"]
[WhiteTitle "CM"]
[BlackTitle "CM"]
[WhiteElo "2193"]
[BlackElo "2200"]
[WhiteFideId "483540"]
[BlackFideId "25865137"]
[EventDate "2025.05.27"]

1. e4 c5 2. Nf3 d6 3. d4 cxd4 4. Qxd4 Nc6 5. Bb5 Bd7 6. Bxc6 bxc6 7. Nc3 e5 8.
Qd3 Qc7 9. Bg5 f6 10. Be3 Ne7 11. O-O-O Ng6 12. h4 Be7 13. h5 Nf8 14. Qc4 Ne6
15. Nh4 O-O 16. Nf5 Rf7 17. Rd2 Rd8 18. Rhd1 Bc8 19. g3 Bf8 20. f4 Kh8 21. fxe5
fxe5 22. g4 Qb8 23. g5 d5 24. Qxc6 d4 25. Ne2 Rc7 26. Qa4 Nc5 27. Qa5 Nxe4 28.
Nfxd4 exd4 29. Rxd4 Rxd4 30. Rxd4 Nd6 31. Bf4 Rd7 32. Qe5 Qb7 33. h6 Qh1+ 34.
Rd1 Qxd1+ 35. Kxd1 Nc4+ 36. Kc1 Nxe5 37. Bxe5 Kg8 38. Nf4 gxh6 39. Nh5 Be7 40.
gxh6 Rd5 41. Nf6+ Bxf6 42. Bxf6 Bf5 43. c3 Bg6 44. b4 Rf5 45. Bg7 Rf2 46. a4 Kf7
47. a5 Bd3 0-1